[Event "2015 County Championship Final - Open"]
[Site "Leamington Spa"]
[Date "2015.07.04"]
[Round "1.1"]
[White "Mayhew, Andrew"]
[Black "Adair, James R"]
[Result "0-1"]
[WhiteElo "220"]
[BlackElo "238"]
[PlyCount "82"]
[EventDate "2015.??.??"]
[WhiteTeam "Kent"]
[BlackTeam "Yorkshire"]

1. d4 Nf6 2. Nc3 d5 3. Bf4 e6 4. e3 Bb4 5. Bd3 c5 6. dxc5 Nbd7 7. Nf3 Nxc5 8.
O-O Bxc3 9. bxc3 h6 10. c4 O-O 11. Be2 b6 12. Qd4 Ba6 13. Rfd1 Qe7 14. Ne5 Rac8
15. Bf3 Bb7 16. a4 Rfd8 17. Qb2 dxc4 18. Nxc4 Bxf3 19. Rxd8+ Qxd8 20. gxf3 Qd5
21. Nd6 Rd8 22. e4 Qh5 23. Qc3 Qg6+ 24. Kh1 Nfxe4 25. fxe4 Nxe4 26. Qd4 Nxd6
27. Bxd6 e5 28. Qxe5 Qxd6 29. Qxd6 Rxd6 30. Kg2 Rc6 31. Rd1 g6 32. Rd7 a5 33.
Rb7 Rxc2 34. Rxb6 Rc4 35. Kg3 Rxa4 36. h4 Rb4 37. Ra6 Rb5 38. f3 Rf5 39. Kg4
h5+ 40. Kg3 Kf8 41. Ra7 Ke8 0-1

[Event "2015 County Championship Final - Open"]
[Site "Leamington Spa"]
[Date "2015.07.04"]
[Round "1.2"]
[White "Ledger, Andrew J"]
[Black "Taylor, Martin R"]
[Result "1-0"]
[WhiteElo "230"]
[BlackElo "217"]
[PlyCount "99"]
[EventDate "2015.??.??"]
[WhiteTeam "Yorkshire"]
[BlackTeam "Kent"]

1. d4 d5 2. c4 c6 3. Nf3 Nf6 4. e3 e6 5. Nbd2 Nbd7 6. b3 b6 7. Bd3 Bb7 8. O-O
Be7 9. Bb2 O-O 10. Qe2 Qc7 11. Rac1 Rad8 12. Ne5 Nxe5 13. dxe5 Nd7 14. f4 Nc5
15. Bb1 f5 16. exf6 Bxf6 17. Bxf6 gxf6 18. b4 Na6 19. cxd5 exd5 20. a3 Qe7 21.
Rf3 Rf7 22. Bd3 Nc7 23. Nb3 Ne6 24. Bf5 c5 25. Bxe6 Qxe6 26. f5 Qe7 27. bxc5
Rc8 28. Qb5 Qd7 29. Qxd7 Rxd7 30. Rff1 Rdc7 31. cxb6 axb6 32. Rxc7 Rxc7 33. Rc1
Rxc1+ 34. Nxc1 Bc8 35. g4 h5 36. h3 hxg4 37. hxg4 Kf8 38. Kf2 Ke7 39. Kf3 Ba6
40. Nb3 Bd3 41. Kf4 Bb5 42. Nd4 Bd7 43. g5 fxg5+ 44. Kxg5 Be8 45. f6+ Kd6 46.
Kf5 Bh5 47. Ne6 Bf7 48. Ng5 Bh5 49. f7 Ke7 50. Ke5 1-0

[Event "2015 County Championship Final - Open"]
[Site "Leamington Spa"]
[Date "2015.07.04"]
[Round "1.3"]
[White "Hanreck, Alan E"]
[Black "Palliser, Richard JD"]
[Result "1/2-1/2"]
[WhiteElo "215"]
[BlackElo "223"]
[PlyCount "52"]
[EventDate "2015.??.??"]
[WhiteTeam "Kent"]
[BlackTeam "Yorkshire"]

1. c4 e5 2. g3 Nf6 3. Bg2 c6 4. d4 Bb4+ 5. Bd2 Bxd2+ 6. Qxd2 d6 7. Nc3 O-O 8.
e4 Nbd7 9. Nge2 a6 10. O-O b5 11. cxb5 axb5 12. a3 Qb6 13. b4 Re8 14. d5 cxd5
15. Nxd5 Nxd5 16. Qxd5 Bb7 17. Qd3 Rac8 18. Bh3 Red8 19. Rad1 d5 20. exd5 Rc4
21. Nc3 Nf6 22. Bg2 Rdc8 23. Ne4 Nxe4 24. Bxe4 g6 25. Bg2 f5 26. Qd2 e4 1/2-1/2

[Event "2015 County Championship Final - Open"]
[Site "Leamington Spa"]
[Date "2015.07.04"]
[Round "1.4"]
[White "Gantner, Matthias"]
[Black "Talsma, Paul A"]
[Result "1/2-1/2"]
[WhiteElo "211"]
[BlackElo "217"]
[PlyCount "92"]
[EventDate "2015.??.??"]
[WhiteTeam "Yorkshire"]
[BlackTeam "Kent"]

1. e4 e5 2. f4 exf4 3. Nf3 Be7 4. Bc4 Nf6 5. e5 Ng4 6. Qe2 O-O 7. d4 d6 8. Bxf4
dxe5 9. dxe5 Nc6 10. Nbd2 Nd4 11. Qd3 Ne6 12. Bg3 Qxd3 13. cxd3 Ne3 14. Ke2
Nxc4 15. Nxc4 b6 16. Rhd1 Rd8 17. Rac1 Bb7 18. Ne3 Rd7 19. Rc3 Rad8 20. a3 Bc5
21. b4 Be7 22. Nc4 g5 23. h3 h5 24. Ne3 Bf8 25. Nf5 Kh7 26. Bh2 a5 27. bxa5
bxa5 28. Ne3 Kg6 29. Nc4 g4 30. hxg4 hxg4 31. Ne1 Rd5 32. Nc2 Nd4+ 33. Nxd4
Rxd4 34. Nxa5 Bxg2 35. Nc6 Bf3+ 36. Ke1 Bxd1 37. Nxd8 Ba4 38. Nc6 Rd5 39. Rc4
Bb5 40. Rxg4+ Kh5 41. Nb4 Rxd3 42. Nxd3 Kxg4 43. Kd2 Bxa3 44. e6 fxe6 45. Bxc7
Kf3 46. Nf4 Bb4+ 1/2-1/2

[Event "2015 County Championship Final - Open"]
[Site "Leamington Spa"]
[Date "2015.07.04"]
[Round "1.5"]
[White "Snape, Ian L"]
[Black "Nelson, Jonathan P"]
[Result "1-0"]
[WhiteElo "199"]
[BlackElo "200"]
[PlyCount "111"]
[EventDate "2015.??.??"]
[WhiteTeam "Kent"]
[BlackTeam "Yorkshire"]

1. d4 Nf6 2. c4 g6 3. Nc3 Bg7 4. e4 d6 5. Nf3 O-O 6. Be2 e5 7. O-O Nc6 8. d5
Ne7 9. Ne1 Nd7 10. Be3 f5 11. f3 f4 12. Bf2 g5 13. a4 a6 14. a5 Nf6 15. c5 Ng6
16. Nd3 h5 17. cxd6 cxd6 18. Bb6 Qd7 19. b4 g4 20. b5 g3 21. hxg3 fxg3 22. f4
Nxf4 23. Nxf4 exf4 24. Rxf4 Bh6 25. Rf3 Qg7 26. Qd3 Bg4 27. Rxg3 h4 28. Bxg4
hxg3 29. Be6+ Kh8 30. Bd4 Qg5 31. Ne2 Bg7 32. Nxg3 Ng4 33. Nf5 Bxd4+ 34. Qxd4+
Kh7 35. Qc3 Ne5 36. Ra3 Rxf5 37. Bxf5+ Kg8 38. Qh3 Qc1+ 39. Kh2 Qf4+ 40. Rg3+
Kf8 41. Qh8+ Ke7 42. Qxa8 Nf3+ 43. gxf3 Qd2+ 44. Kh3 Qh6+ 45. Kg2 Qd2+ 46. Kh1
Qd1+ 47. Rg1 Qxf3+ 48. Rg2 Qf1+ 49. Kh2 Qf4+ 50. Kh3 Qf3+ 51. Kh4 Qxg2 52. Qc8
Qh2+ 53. Kg5 Qg3+ 54. Bg4 Qe3+ 55. Kh5 Qg3 56. Qe6+ 1-0

[Event "2015 County Championship Final - Open"]
[Site "Leamington Spa"]
[Date "2015.07.04"]
[Round "1.6"]
[White "Hackner, Oskar A"]
[Black "Spink, Bejamin M"]
[Result "1-0"]
[WhiteElo "204"]
[BlackElo "198"]
[PlyCount "87"]
[EventDate "2015.??.??"]
[WhiteTeam "Yorkshire"]
[BlackTeam "Kent"]

1. d4 d5 2. c4 dxc4 3. e4 Nc6 4. Nf3 Bg4 5. Bxc4 e6 6. d5 exd5 7. Bxd5 Qf6 8.
Qa4 Bb4+ 9. Bd2 Bxd2+ 10. Nbxd2 Nge7 11. e5 Qg6 12. Be4 Qh5 13. O-O O-O 14.
Rfe1 Rfd8 15. Rac1 a6 16. Nb3 Bxf3 17. Bxf3 Qh6 18. Qa3 Nd5 19. e6 fxe6 20. Nc5
Nd4 21. Bg4 Nf4 22. Qe3 b6 23. Nxe6 Ndxe6 24. Bxe6+ Nxe6 25. Qxh6 gxh6 26. Rxe6
Rd2 27. h4 Rf8 28. Rxc7 Rfxf2 29. Re8+ Rf8 30. Rxf8+ Kxf8 31. Rxh7 Rxb2 32.
Rxh6 Kg7 33. Rc6 a5 34. a4 Rb4 35. g3 Rxa4 36. Rxb6 Ra2 37. Ra6 Kh7 38. h5 Kg7
39. g4 Ra4 40. Rg6+ Kh7 41. Kg2 Ra3 42. Ra6 Kg7 43. g5 Kf7 44. h6 1-0

[Event "2015 County Championship Final - Open"]
[Site "Leamington Spa"]
[Date "2015.07.04"]
[Round "1.7"]
[White "Jones, William EG"]
[Black "Adams, David M"]
[Result "1/2-1/2"]
[WhiteElo "194"]
[BlackElo "200"]
[PlyCount "95"]
[EventDate "2015.??.??"]
[WhiteTeam "Kent"]
[BlackTeam "Yorkshire"]

1. e4 d6 2. d4 Nf6 3. Nc3 e5 4. Nf3 Nbd7 5. Bc4 Be7 6. O-O O-O 7. Re1 c6 8. a4
a5 9. h3 exd4 10. Nxd4 Nc5 11. Bf4 Be6 12. Bf1 d5 13. exd5 Nxd5 14. Nxd5 Qxd5
15. Nxe6 Nxe6 16. Qxd5 cxd5 17. Be5 Bc5 18. Red1 Rfd8 19. Rd2 Kf8 20. Rad1 f6
21. Bg3 d4 22. Bc4 Re8 23. Re2 Ng5 24. Rde1 Rxe2 25. Rxe2 Re8 26. Rxe8+ Kxe8
27. Bd5 b6 28. Bf4 Ke7 29. Kf1 Ne6 30. Bd2 Bd6 31. Ke2 Nf4+ 32. Bxf4 Bxf4 33.
Kd3 Kd6 34. Bg8 h6 35. Ke4 Bc1 36. b3 Bb2 37. Bc4 Bc3 38. Kf5 Ke7 39. Kg6 Kf8
40. f4 Bb2 41. h4 Bc3 42. g4 Be1 43. h5 Bf2 44. Kf5 Ke7 45. g5 fxg5 46. fxg5
Be3 47. gxh6 gxh6 48. Ke5 1/2-1/2

[Event "2015 County Championship Final - Open"]
[Site "Leamington Spa"]
[Date "2015.07.04"]
[Round "1.8"]
[White "Walton, Alan J"]
[Black "Bayford, Jim R"]
[Result "1/2-1/2"]
[WhiteElo "203"]
[BlackElo "195"]
[PlyCount "35"]
[EventDate "2015.??.??"]
[WhiteTeam "Yorkshire"]
[BlackTeam "Kent"]

1. d4 Nf6 2. Bg5 e6 3. e4 h6 4. Bxf6 Qxf6 5. Nc3 Bb4 6. Qd2 d5 7. Bd3 c5 8. a3
Bxc3 9. Qxc3 dxe4 10. Qxc5 Nd7 11. Bb5 a6 12. Bxd7+ Bxd7 13. c3 Rc8 14. Qd6 Qg5
15. Qg3 Qb5 16. Rb1 Qc4 17. Ne2 Bb5 18. Qe3 1/2-1/2

[Event "2015 County Championship Final - Open"]
[Site "Leamington Spa"]
[Date "2015.07.04"]
[Round "1.9"]
[White "Wooldridge, Leon M"]
[Black "Barry, Colm"]
[Result "0-1"]
[WhiteElo "190"]
[BlackElo "198"]
[PlyCount "87"]
[EventDate "2015.??.??"]
[WhiteTeam "Kent"]
[BlackTeam "Yorkshire"]

1. e4 d6 2. d4 Nf6 3. Nc3 Nbd7 4. Nf3 e5 5. g3 Be7 6. Bg2 c6 7. a4 O-O 8. O-O
b6 9. Re1 a6 10. b3 Qc7 11. Bb2 Re8 12. Qd2 Bb7 13. Rad1 g6 14. Nb1 b5 15. c4
exd4 16. Nxd4 c5 17. Nc2 bxc4 18. bxc4 Nb6 19. Nba3 Nxa4 20. Ba1 Rad8 21. Rb1
Bc6 22. Ne3 Nd7 23. Ng4 Ne5 24. Nh6+ Kg7 25. h4 Bf6 26. g4 Nd7 27. Bxf6+ Nxf6
28. Nf5+ Kh8 29. Qg5 Re6 30. Ng3 Qe7 31. f3 Nd7 32. Qd2 Qxh4 33. Kf2 Qf6 34. g5
Qc3 35. Qxc3+ Nxc3 36. Rbc1 Na2 37. Rcd1 Nb4 38. Bh3 Ne5 39. Bxe6 Ned3+ 40.
Rxd3 Nxd3+ 41. Ke2 Nxe1 42. Kxe1 fxe6 43. Kd2 Rf8 44. Ke3 0-1

[Event "2015 County Championship Final - Open"]
[Site "Leamington Spa"]
[Date "2015.07.04"]
[Round "1.10"]
[White "Weller, Jean-Luc"]
[Black "Tucker, David S"]
[Result "1-0"]
[WhiteElo "199"]
[BlackElo "190"]
[PlyCount "85"]
[EventDate "2015.??.??"]
[WhiteTeam "Yorkshire"]
[BlackTeam "Kent"]

1. d4 Nf6 2. c4 c5 3. d5 g6 4. Nc3 Bg7 5. e4 d6 6. Bd3 O-O 7. h3 e6 8. Nge2 Re8
9. O-O exd5 10. exd5 Nbd7 11. f4 a6 12. a4 b6 13. Qc2 Ra7 14. Rf3 h6 15. Be3
Nh7 16. g4 Rxe3 17. Rxe3 Bd4 18. Nxd4 cxd4 19. Re2 dxc3 20. Bxg6 Ndf8 21. Bxh7+
Nxh7 22. Qxc3 Re7 23. Rae1 Rxe2 24. Rxe2 Bd7 25. b3 Nf8 26. Qe3 b5 27. axb5
axb5 28. f5 Qh4 29. Ra2 bxc4 30. bxc4 Qf6 31. Ra6 Bc8 32. Rc6 Bd7 33. Rb6 Qa1+
34. Kg2 Qa2+ 35. Kf3 Qxc4 36. Rxd6 f6 37. Rxf6 Qxd5+ 38. Kg3 Bc6 39. Rxh6 Qg2+
40. Kh4 Bd5 41. Qg5+ Kf7 42. Qf6+ Ke8 43. Qe5+ 1-0

[Event "2015 County Championship Final - Open"]
[Site "Leamington Spa"]
[Date "2015.07.04"]
[Round "1.11"]
[White "Briggs, John Nicholas"]
[Black "Watson, Phil R"]
[Result "1/2-1/2"]
[WhiteElo "189"]
[BlackElo "197"]
[PlyCount "60"]
[EventDate "2015.??.??"]
[WhiteTeam "Kent"]
[BlackTeam "Yorkshire"]

1. d4 d5 2. c4 e6 3. cxd5 exd5 4. Nc3 Nf6 5. Bg5 c6 6. e3 Bf5 7. Qf3 Bg6 8.
Bxf6 Qxf6 9. Qxf6 gxf6 10. Nge2 Nd7 11. g3 Nb6 12. Bg2 Bd6 13. O-O O-O 14. e4
dxe4 15. Nxe4 Bxe4 16. Bxe4 Rfe8 17. Nc3 Bb4 18. Bd3 Rad8 19. Rfd1 Re7 20. a3
Bd6 21. Re1 Rde8 22. Rxe7 Rxe7 23. Kf1 Rd7 24. Rd1 Kg7 25. f4 Bc7 26. Be2 f5
27. Kf2 Kf6 28. Kf1 h6 29. Kf2 Rd8 30. Kf1 Rd7 1/2-1/2

[Event "2015 County Championship Final - Open"]
[Site "Leamington Spa"]
[Date "2015.07.04"]
[Round "1.12"]
[White "Shaw, Peter"]
[Black "Botley, Gordon"]
[Result "1/2-1/2"]
[WhiteElo "196"]
[BlackElo "184"]
[PlyCount "40"]
[EventDate "2015.??.??"]
[WhiteTeam "Yorkshire"]
[BlackTeam "Kent"]

1. d4 d5 2. c4 e6 3. Nc3 Nf6 4. Bg5 Be7 5. e3 O-O 6. Nf3 h6 7. Bh4 b6 8. Bd3
dxc4 9. Bxc4 Bb7 10. O-O Ne4 11. Bxe7 Qxe7 12. Qc2 Nxc3 13. bxc3 Nd7 14. e4 c5
15. Rfe1 cxd4 16. cxd4 Rac8 17. Qb3 Rc7 18. Rac1 Rfc8 19. Rc2 Nf6 20. Bd3 Rxc2
1/2-1/2

[Event "2015 County Championship Final - Open"]
[Site "Leamington Spa"]
[Date "2015.07.04"]
[Round "1.13"]
[White "Sugden, John N"]
[Black "Burnett, Jim"]
[Result "0-1"]
[WhiteElo "183"]
[BlackElo "196"]
[PlyCount "126"]
[EventDate "2015.??.??"]
[WhiteTeam "Kent"]
[BlackTeam "Yorkshire"]

1. d4 d5 2. c4 e6 3. Nc3 c6 4. e3 Nf6 5. Nf3 Nbd7 6. Bd3 dxc4 7. Bxc4 b5 8. Bd3
a6 9. e4 c5 10. d5 c4 11. Bc2 Qc7 12. O-O Bb7 13. dxe6 fxe6 14. e5 Nxe5 15.
Nxe5 Qxe5 16. Re1 Qd6 17. Qxd6 Bxd6 18. Rxe6+ Kd7 19. Re1 Rae8 20. Be3 Kc7 21.
Bd4 h6 22. a3 Rxe1+ 23. Rxe1 Rd8 24. Rd1 Re8 25. h3 Be5 26. Bxe5+ Rxe5 27. f3
a5 28. Kf2 b4 29. Ne2 g5 30. Rd4 Ba6 31. Ng3 Nd5 32. axb4 axb4 33. Ne4 Nb6 34.
Rd1 Ra5 35. Ke3 Ra2 36. Nc5 Bc8 37. Rb1 Kc6 38. Kd4 Ra5 39. Be4+ Kb5 40. Bg6 b3
41. Ne4 Kb4 42. Nc3 Ra7 43. Be4 Be6 44. g4 Bg8 45. Ke3 Bh7 46. Bxh7 Rxh7 47.
Ra1 Re7+ 48. Kd2 Rd7+ 49. Ke2 Rd3 50. Ne4 Nd5 51. Nd2 Nf4+ 52. Ke1 c3 53. bxc3+
Kxc3 54. Rc1+ Kb2 55. Rc7 Nd5 56. Rc8 Re3+ 57. Kf2 Rc3 58. Nc4+ Kc1 59. Rd8 Nf4
60. Ne3 Nd3+ 61. Ke2 b2 62. Nd1 Rc2+ 63. Kxd3 Rd2+ 0-1

[Event "2015 County Championship Final - Open"]
[Site "Leamington Spa"]
[Date "2015.07.04"]
[Round "1.14"]
[White "Li, Harry"]
[Black "Ball, Laurence"]
[Result "1-0"]
[WhiteElo "194"]
[BlackElo "179"]
[PlyCount "97"]
[EventDate "2015.??.??"]
[WhiteTeam "Yorkshire"]
[BlackTeam "Kent"]

1. d4 d6 2. Nf3 f5 3. c4 Nf6 4. Nc3 g6 5. g3 Bg7 6. Bg2 O-O 7. O-O Nc6 8. d5
Ne5 9. Nxe5 dxe5 10. e4 f4 11. Bd2 a6 12. b4 g5 13. c5 Bd7 14. a4 Qe8 15. Qb3
Kh8 16. f3 fxg3 17. hxg3 Qh5 18. Ne2 Bh3 19. Bxh3 Qxh3 20. Bxg5 Nh5 21. Bh4 Nf4
22. Rf2 Ng6 23. Rh2 Qd7 24. Bg5 Rf7 25. c6 bxc6 26. dxc6 Qe8 27. Kg2 e6 28. Qc3
Qf8 29. Rah1 Rb8 30. Rxh7+ Kg8 31. Bd2 Qd6 32. R7h5 Ne7 33. Rc1 Rb6 34. Be3
Rxc6 35. Bc5 Qd7 36. b5 axb5 37. axb5 Rxc5 38. Qxc5 Qd3 39. Ng1 Qd2+ 40. Kh1
Ng6 41. Rh2 Qg5 42. Rcc2 Nf8 43. Kg2 Qf6 44. Qe3 Nh7 45. Rh5 Bf8 46. Rc6 Bg7
47. Ne2 Qg6 48. Rh4 Nf8 49. Qc3 1-0

[Event "2015 County Championship Final - Open"]
[Site "Leamington Spa"]
[Date "2015.07.04"]
[Round "1.15"]
[White "Atkinson, Alan A"]
[Black "O'Driscoll, Keiran"]
[Result "1/2-1/2"]
[WhiteElo "179"]
[BlackElo "183"]
[PlyCount "28"]
[EventDate "2015.??.??"]
[WhiteTeam "Kent"]
[BlackTeam "Yorkshire"]

1. d4 d5 2. c4 c6 3. cxd5 cxd5 4. Nc3 Nf6 5. Bg5 e6 6. Nf3 Be7 7. Qc2 Nc6 8. e3
Bd7 9. a3 Qa5 10. Rc1 Ne4 11. Bxe7 Kxe7 12. Bd3 Nxc3 13. Qxc3 Qxc3+ 14. Rxc3
Rac8 1/2-1/2

[Event "2015 County Championship Final - Open"]
[Site "Leamington Spa"]
[Date "2015.07.04"]
[Round "1.16"]
[White "Birkin, Mark H"]
[Black "Anstead, Gerry"]
[Result "1/2-1/2"]
[WhiteElo "190"]
[BlackElo "177"]
[PlyCount "103"]
[EventDate "2015.??.??"]
[WhiteTeam "Yorkshire"]
[BlackTeam "Kent"]

1. e4 c6 2. d3 d5 3. Nd2 g6 4. g3 Bg7 5. Bg2 Nf6 6. Ngf3 O-O 7. O-O Bg4 8. h3
Bxf3 9. Qxf3 Nbd7 10. Re1 e6 11. Rb1 Qa5 12. a3 dxe4 13. dxe4 Rfd8 14. b4 Qc7
15. Nc4 Ne5 16. Nxe5 Qxe5 17. Bf4 Qh5 18. g4 Qh4 19. Qe3 h6 20. Rbd1 Re8 21. c4
e5 22. Bg3 Qg5 23. Qxg5 hxg5 24. Rd6 Re7 25. Red1 Rae8 26. f3 Re6 27. Bf2 a6
28. Be3 Bf8 29. Rxe6 Rxe6 30. Bxg5 Kg7 31. Be3 Rd6 32. Rxd6 Bxd6 33. Bf1 Nd7
34. c5 Be7 35. Bc4 a5 36. Kf2 Bd8 37. Ke2 b6 38. cxb6 Nxb6 39. Ba6 axb4 40.
axb4 Na4 41. Bb7 Be7 42. Bxc6 Nc3+ 43. Kd3 Bxb4 44. Kc4 Nd1 45. Bg1 Be1 46. Bh2
f6 47. Kd3 Bh4 48. f4 exf4 49. Bxf4 Nf2+ 50. Kc4 Nxh3 51. Be3 Nf2 52. Bxf2
1/2-1/2

[Event "2015 County Championship Final - Minor"]
[Site "Leamington Spa"]
[Date "2015.07.04"]
[Round "1.1"]
[White "Rogers, Jonathan W"]
[Black "Merry, Alan B"]
[Result "1/2-1/2"]
[WhiteElo "216"]
[BlackElo "226"]
[PlyCount "67"]
[EventDate "2015.??.??"]
[WhiteTeam "Essex"]
[BlackTeam "Suffolk"]

1. d4 d5 2. Nf3 Bf5 3. c4 e6 4. Nc3 Nc6 5. a3 Nf6 6. Bg5 Be7 7. e3 O-O 8. Be2
Ne4 9. Bxe7 Nxe7 10. O-O c6 11. Nh4 Nxc3 12. bxc3 Qa5 13. Nxf5 Nxf5 14. Qb3
dxc4 15. Qxb7 Rab8 16. Qxc6 Rfc8 17. Qe4 Qxc3 18. Rac1 Qxa3 19. Rxc4 h6 20. Qd3
Qb2 21. g3 a5 22. Rxc8+ Rxc8 23. d5 Rd8 24. Qa6 Rxd5 25. Bd3 Qd2 26. Be4 Rd8
27. Bxf5 exf5 28. Ra1 Rd5 29. Qc8+ Kh7 30. Qb7 Rc5 31. Qxf7 Rc1+ 32. Kg2 Rxa1
33. Qxf5+ Kg8 34. Qc8+ 1/2-1/2

[Event "2015 County Championship Final - Minor"]
[Site "Leamington Spa"]
[Date "2015.07.04"]
[Round "1.2"]
[White "Player, Edmund C"]
[Black "Lewis, Andrew P"]
[Result "1/2-1/2"]
[WhiteElo "196"]
[BlackElo "207"]
[PlyCount "50"]
[EventDate "2015.??.??"]
[WhiteTeam "Suffolk"]
[BlackTeam "Essex"]

1. e4 c5 2. Nf3 d6 3. Bb5+ Bd7 4. c4 Nc6 5. d4 cxd4 6. Nxd4 Nf6 7. Nc3 g6 8. h3
Bg7 9. Be3 O-O 10. O-O e5 11. Nde2 a6 12. Ba4 Be6 13. Bb3 Na5 14. Qd3 Rc8 15.
Nd5 Nxd5 16. cxd5 Bd7 17. Rfc1 f5 18. Rxc8 Bxc8 19. exf5 gxf5 20. f4 Bd7 21.
Rc1 Re8 22. Bd1 Bb5 23. Qxf5 Nc4 24. Bf2 Nxb2 25. Bc2 Bxe2 {Remaining moves
illegible. Drawn on move 32.} 1/2-1/2

[Event "2015 County Championship Final - Minor"]
[Site "Leamington Spa"]
[Date "2015.07.04"]
[Round "1.3"]
[White "Sands, David A"]
[Black "Moore, Graham J"]
[Result "1/2-1/2"]
[WhiteElo "205"]
[BlackElo "197"]
[PlyCount "49"]
[EventDate "2015.??.??"]
[WhiteTeam "Essex"]
[BlackTeam "Suffolk"]

1. Nf3 Nf6 2. c4 e6 3. Nc3 d5 4. d4 Be7 5. Bf4 O-O 6. e3 Nbd7 7. Be2 b6 8. cxd5
Nxd5 9. Nxd5 exd5 10. O-O c5 11. dxc5 Nxc5 12. Nd4 Bf6 13. Rc1 Bb7 14. Qd2 Bg5
15. Bxg5 Qxg5 16. Nf3 Qe7 17. Qb4 Rfd8 18. Rfd1 Rd6 19. Bf1 Rad8 20. Qf4 g6 21.
Rc2 Qe4 22. Qxe4 dxe4 23. Rxd6 Rxd6 24. Nd4 a5 25. b3 1/2-1/2

[Event "2015 County Championship Final - Minor"]
[Site "Leamington Spa"]
[Date "2015.07.04"]
[Round "1.4"]
[White "Gregory, Stephen J"]
[Black "Hebbes, Tim"]
[Result "1/2-1/2"]
[WhiteElo "194"]
[BlackElo "193"]
[PlyCount "148"]
[EventDate "2015.??.??"]
[WhiteTeam "Suffolk"]
[BlackTeam "Essex"]

1. e4 e6 2. d3 d5 3. Nd2 Nf6 4. Ngf3 Nc6 5. e5 Nd7 6. d4 f6 7. Bb5 Ncb8 8. O-O
a6 9. Bd3 c5 10. c3 Nc6 11. Re1 fxe5 12. Nxe5 Ndxe5 13. dxe5 g6 14. Qg4 Bg7 15.
Nf3 O-O 16. Bg5 Qc7 17. Bf4 Ne7 18. Rad1 Bd7 19. h4 Nf5 20. h5 gxh5 21. Qxh5
Be8 22. Qh2 Bg6 23. g4 Ne7 24. Ng5 h6 25. Nxe6 Qd7 26. Nxf8 Qxg4+ 27. Qg3 Qxg3+
28. Bxg3 Bxd3 29. Ne6 c4 30. Kh2 Re8 31. Nc5 Bf5 32. Rd2 Rc8 33. Nxb7 Rc7 34.
Nd6 Be6 35. Rg1 Kh7 36. Ne8 Rb7 37. Re1 Kg6 38. f4 h5 39. Bh4 Bh6 40. Rg2+ Bg4
41. Nd6 Bxf4+ 42. Kg1 Rc7 43. Rf2 Bg5 44. Bxg5 Kxg5 45. Rf7 Be6 46. Rf6 Bg4 47.
Ref1 Nc6 48. Kg2 Kh4 49. Rh1+ Kg5 50. Nf7+ Rxf7 51. Rxf7 Nxe5 52. Rf2 Nd3 53.
b3 Nxf2 54. Kxf2 cxb3 55. axb3 Kf4 56. Ra1 Bc8 57. Ra4+ Ke5 58. Ke3 Kd6 59. Rb4
Kc5 60. Rf4 Bg4 61. b4+ Kb5 62. Kd4 a5 63. Kxd5 a4 64. Rf8 a3 65. Ke5 Kc4 66.
Ra8 Kxc3 67. b5 Kb2 68. Kf4 Bd7 69. b6 Bc6 70. Ra7 a2 71. b7 Bxb7 72. Rxb7+ Kc2
73. Ra7 Kb2 74. Rb7+ Kc2 1/2-1/2

[Event "2015 County Championship Final - Minor"]
[Site "Leamington Spa"]
[Date "2015.07.04"]
[Round "1.5"]
[White "Hodgson, John H"]
[Black "Wallis, Ian J"]
[Result "1-0"]
[WhiteElo "187"]
[BlackElo "183"]
[PlyCount "73"]
[EventDate "2015.??.??"]
[WhiteTeam "Essex"]
[BlackTeam "Suffolk"]

1. e4 e5 2. Nf3 Nc6 3. Bb5 a6 4. Ba4 d6 5. O-O Bd7 6. d4 b5 7. Bb3 Nxd4 8. Nxd4
exd4 9. c3 Nf6 10. cxd4 Bc6 11. Re1 Be7 12. Nd2 O-O 13. Bc2 Bb7 14. Nf3 Re8 15.
d5 Nd7 16. Nd4 Bf8 17. Be3 g6 18. f3 Bg7 19. Qd2 Ne5 20. Bb3 Qd7 21. Rac1 a5
22. a3 b4 23. axb4 axb4 24. Ra1 Ba6 25. Ba4 c6 26. Bxc6 Nxc6 27. Nxc6 Bb5 28.
Nd4 b3 29. Nxb3 Ra4 30. Rxa4 Bxa4 31. Nd4 Rb8 32. b4 Bb5 33. Rc1 Qb7 34. Nc6
Ra8 35. Bd4 Ra3 36. Bxg7 Kxg7 37. Qb2+ 1-0

[Event "2015 County Championship Final - Minor"]
[Site "Leamington Spa"]
[Date "2015.07.04"]
[Round "1.6"]
[White "Spearman, David"]
[Black "Savage, Nicholas W"]
[Result "0-1"]
[WhiteElo "188"]
[BlackElo "183"]
[PlyCount "78"]
[EventDate "2015.??.??"]
[WhiteTeam "Suffolk"]
[BlackTeam "Essex"]

1. d4 Nf6 2. c4 c6 3. Nf3 d5 4. e3 Bg4 5. Qb3 Qb6 6. Nc3 Bxf3 7. gxf3 e6 8. e4
Nbd7 9. cxd5 Qxb3 10. axb3 exd5 11. Be2 Bb4 12. e5 Ng8 13. O-O g6 14. Nd1 Nf8
15. Ne3 Ne6 16. Nc2 Be7 17. Be3 a6 18. Rfc1 h5 19. Bd3 Nh6 20. Kf1 Kd7 21. Ke2
Ng7 22. Bxh6 Rxh6 23. f4 Ne6 24. Ke3 Rhh8 25. Rg1 c5 26. f5 cxd4+ 27. Nxd4 Bg5+
28. f4 Bxf4+ 29. Kf3 Nxd4+ 30. Kxf4 gxf5 31. Bxf5+ Ke7 32. Rgd1 Ne6+ 33. Bxe6
fxe6 34. Rg1 Raf8+ 35. Ke3 Rhg8 36. Rxg8 Rxg8 37. Rc1 Kd7 38. Rf1 Rg4 39. Rf7+
Kc6 0-1

[Event "2015 County Championship Final - Minor"]
[Site "Leamington Spa"]
[Date "2015.07.04"]
[Round "1.7"]
[White "Reynolds, D Ian W"]
[Black "Sanders, Robert R"]
[Result "1-0"]
[WhiteElo "186"]
[BlackElo "181"]
[PlyCount "63"]
[EventDate "2015.??.??"]
[WhiteTeam "Essex"]
[BlackTeam "Suffolk"]

1. e4 e6 2. d3 d5 3. Nd2 Nf6 4. Ngf3 Be7 5. g3 b6 6. Bg2 Bb7 7. e5 Nfd7 8. O-O
c5 9. Re1 Nc6 10. Nf1 Qc7 11. Bf4 O-O 12. h4 b5 13. N1h2 c4 14. d4 c3 15. b3
Qb6 16. Bf1 a5 17. Bd3 Nb4 18. Bxh7+ Kxh7 19. Ng5+ Bxg5 20. Qh5+ Kg8 21. hxg5
Nxc2 22. Ng4 Nxd4 23. Nf6+ Nxf6 24. gxf6 Nf5 25. g4 d4 26. gxf5 Qc6 27. Qh3
exf5 28. Rad1 Rfd8 29. Rd3 g6 30. f3 Qc5 31. Kf2 Qa3 32. Rh1 1-0

[Event "2015 County Championship Final - Minor"]
[Site "Leamington Spa"]
[Date "2015.07.04"]
[Round "1.8"]
[White "Cook, Michael P"]
[Black "Goldberg, Jeff A"]
[Result "1/2-1/2"]
[WhiteElo "181"]
[BlackElo "185"]
[PlyCount "44"]
[EventDate "2015.??.??"]
[WhiteTeam "Suffolk"]
[BlackTeam "Essex"]

1. d4 d5 2. Nf3 c6 3. e3 Bf5 4. Bd3 Bxd3 5. Qxd3 Nf6 6. Nbd2 Nbd7 7. O-O e6 8.
e4 dxe4 9. Nxe4 Be7 10. b3 Nxe4 11. Qxe4 O-O 12. Bb2 Qc7 13. g3 Rfe8 14. Rad1
Rad8 15. c4 Bf6 16. Qe2 c5 17. Rd2 cxd4 18. Bxd4 Bxd4 19. Nxd4 a6 20. Rfd1 Nf6
21. Nf3 Kf8 22. Qe5 Qe7 1/2-1/2

[Event "2015 County Championship Final - Minor"]
[Site "Leamington Spa"]
[Date "2015.07.04"]
[Round "1.9"]
[White "White, Kevin D"]
[Black "Peck, Silas OJ"]
[Result "0-1"]
[WhiteElo "181"]
[BlackElo "178"]
[PlyCount "48"]
[EventDate "2015.??.??"]
[WhiteTeam "Essex"]
[BlackTeam "Suffolk"]

1. d4 d5 2. Nf3 Nf6 3. c4 e6 4. g3 Be7 5. Bg2 O-O 6. O-O Nbd7 7. b3 c6 8. Bb2
b6 9. Qc2 Bb7 10. Nbd2 Rc8 11. Ne5 c5 12. e3 Ba8 13. Qb1 Rc7 14. cxd5 exd5 15.
Bh3 Bd6 16. Ndf3 Qe7 17. Re1 c4 18. bxc4 dxc4 19. Bc3 Be4 20. Qb2 Ba3 21. Qd2
Bxf3 22. Bxd7 Ne4 23. Qc2 Rxd7 24. Nxd7 Qxd7 0-1

[Event "2015 County Championship Final - Minor"]
[Site "Leamington Spa"]
[Date "2015.07.04"]
[Round "1.10"]
[White "Peters, John A"]
[Black "Bowmer, Kevin"]
[Result "0-1"]
[WhiteElo "176"]
[BlackElo "180"]
[PlyCount "114"]
[EventDate "2015.??.??"]
[WhiteTeam "Suffolk"]
[BlackTeam "Essex"]

1. e4 c5 2. Nf3 d6 3. Bb5+ Bd7 4. Bxd7+ Qxd7 5. c4 g6 6. Nc3 Bg7 7. d4 cxd4 8.
Nxd4 Nf6 9. O-O O-O 10. f3 Rc8 11. b3 Nc6 12. Be3 e6 13. Rc1 d5 14. Nxc6 bxc6
15. cxd5 cxd5 16. e5 Ne8 17. f4 Rc7 18. Qd4 Rac8 19. Na4 Nd6 20. Rxc7 Rxc7 21.
Rc1 Rxc1+ 22. Bxc1 Nf5 23. Qb4 Bf8 24. Qb8 Kg7 25. g4 Nd4 26. Bb2 Ne2+ 27. Kf2
Nxf4 28. Ke3 g5 29. Bd4 Qc6 30. Nc3 Bc5 31. Qd8 Ng2+ 32. Kd3 Ne1+ 33. Ke2 Bxd4
34. Qxg5+ Kf8 35. Qd8+ Qe8 36. Qxe8+ Kxe8 37. Nb5 Bxe5 38. Kxe1 Bb8 39. h3 Kd7
40. Nd4 Kd6 41. Nf3 f6 42. g5 f5 43. Nd4 a6 44. Ke2 Bc7 45. b4 Bb6 46. Nf3 e5
47. a4 e4 48. Nh4 Ke6 49. g6 hxg6 50. Nxg6 d4 51. h4 d3+ 52. Kd2 Bc7 53. b5
axb5 54. axb5 Kf6 55. Nf8 Ba5+ 56. Ke3 f4+ 57. Kf2 e3+ 0-1